000 00313nam a2200133Ia 4500
008 230523s9999 xx 000 0 und d
100 _aBahga, Arshdeep
245 0 _aInternet of Things: A Hands-on Approach
260 _aHyderabad
260 _bUniversity Press
260 _c2020
300 _a520
942 _cRB
999 _c2074
_d2074